NFL Top 100 Players of All Time - Statistics

General Stats
  • This quiz has been taken 760 times
  • The average score is 34 of 100
Answer Stats
Rank Team Position Answer % Correct
1. 49ers WR Jerry Rice
95%
4. 49ers QB Joe Montana
92%
8. Colts QB Peyton Manning
90%
2. Browns FB Jim Brown
87%
21. Patriots QB Tom Brady
86%
66. Raiders CB Willie Brown
83%
3. Giants LB Lawrence Taylor
81%
5. Bears RB Walter Payton
81%
17. Lions RB Barry Sanders
71%
20. Packers QB Brett Favre
71%
34. Cowboys CB Deion Sanders
70%
28. Cowboys RB Emmitt Smith
67%
7. Eagles DE Reggie White
67%
31. Bills DE Bruce Smith
66%
6. Colts QB Johnny Unitas
66%
62. Cowboys DT Randy White
64%
18. Ravens LB Ray Lewis
63%
25. Dolphins QB Dan Marino
61%
23. Broncos QB John Elway
58%
13. Steelers DT Joe Greene
57%
75. Redskins CB Darrell Green
55%
65. Vikings WR Randy Moss
54%
11. 49ers S Ronnie Lott
54%
51. Packers QB Bart Starr
50%
81. 49ers QB Steve Young
50%
10. Bears LB Dick Butkus
45%
80. Cowboys QB Troy Aikman
45%
45. Chiefs TE Tony Gonzalez
44%
12. Bengals OT Anthony Muñoz
43%
15. Rams DE Deacon Jones
43%
50. Steelers QB Terry Bradshaw
43%
88. Ravens S Ed Reed
41%
52. Rams RB Eric Dickerson
41%
61. Chargers RB LaDainian Tomlinson
40%
100. Jets QB Joe Namath
39%
16. Browns QB Otto Graham
39%
46. Cowboys QB Roger Staubach
38%
40. Bills RB O.J. Simpson
37%
95. Cowboys OG Larry Allen
36%
90. Rams QB Kurt Warner
35%
85. Raiders RB Marcus Allen
35%
59. Bears TE Mike Ditka
35%
22. Bears RB Gale Sayers
34%
70. Rams RB Marshall Faulk
34%
30. Lions CB Night Train Lane
33%
14. Redskins QB Sammy Baugh
33%
41. Steelers CB Rod Woodson
32%
55. Oilers RB Earl Campbell
31%
91. Vikings QB Fran Tarkenton
30%
92. Cowboys WR Michael Irvin
30%
9. Packers WR Don Hutson
29%
29. Steelers LB Jack Lambert
29%
57. Bears LB Mike Singletary
29%
99. Giants DE Michael Strahan
28%
60. Steelers LB Jack Ham
24%
77. Cowboys RB Tony Dorsett
24%
67. Chargers TE Kellen Winslow
23%
43. Vikings DT Alan Page
22%
78. Oilers OL Bruce Matthews
22%
24. Patriots OG John Hannah
21%
97. Buccaneers LB Derrick Brooks
20%
44. Steelers CB Mel Blount
20%
33. Bears QB Sid Luckman
20%
72. Ravens OT Jonathan Ogden
19%
38. Chargers WR Lance Alworth
19%
26. Cowboys DT Bob Lilly
18%
27. Rams DT Merlin Olsen
17%
63. Raiders C Jim Otto
16%
68. Steelers C Mike Webster
16%
73. Browns TE Ozzie Newsome
16%
56. Raiders OG Gene Upshaw
15%
83. Rams QB Norm Van Brocklin
15%
36. Colts WR Raymond Berry
15%
37. Bulldogs RB Jim Thorpe
14%
47. Packers LB Ray Nitschke
14%
19. Bears FB Bronko Nagurski
13%
35. Eagles LB Chuck Bednarik
13%
54. Packers OT Forrest Gregg
13%
42. Colts TE John Mackey
13%
98. Buccaneers DE Lee Roy Selmon
13%
86. Packers DE Willie Davis
12%
76. Raiders OT Art Shell
11%
69. Chiefs LB Bobby Bell
10%
49. Patriots CB Mike Haynes
10%
71. Dolphins WR Paul Warfield
10%
58. Eagles RB Steve Van Buren
10%
53. Chiefs LB Willie Lanier
10%
74. Browns RB Marion Motley
9%
82. Raiders LB Ted Hendricks
9%
87. Rams WR Elroy Hirsch
8%
39. Colts DE Gino Marchetti
8%
94. Colts RB Lenny Moore
8%
48. Bears RB Red Grange
8%
79. Giants S Emlen Tunnell
7%
64. Packers CB Herb Adderley
7%
32. Colts OT Jim Parker
7%
96. Giants C Mel Hein
6%
84. Lions LB Joe Schmidt
5%
89. Cardinals FB Ernie Nevers
4%
93. Giants LB Sam Huff
4%
No matching quizzes found
Score Distribution
Percent of People with Each Score
Percentile by Number Answered
Your Score History
You have not taken this quiz